LEADER 00898nam--2200313---450- 001 990003258050203316 005 20090528124410.0 035 $a000325805 035 $aUSA01000325805 035 $a(ALEPH)000325805USA01 035 $a000325805 100 $a20090528d1967----km-y0itay50------ba 101 $aeng 102 $aUS 105 $aa---||||001yy 200 1 $a<> theory of gambling and statistical logic$fRichard A. Epstein 210 $aNew York$cAcademic Press$d1967 215 $aXIII, 492 p.$cill.$d24 cm 606 0 $aTeoria del gioco 676 $a519.3 700 1$aEPSTEIN,$bRichard A.$057411 801 0$aIT$bsalbc$gISBD 912 $a990003258050203316 951 $a519.3 EPS$b5876/CBS$c519.3$d00221315 959 $aBK 969 $aSCI 979 $aRSIAV6$b90$c20090528$lUSA01$h1244 996 $aTheory of gambling and statistical logic$9381641 997 $aUNISA LEADER 01567nas 2200445-a 450 001 9910446851503321 005 20230627152444.0 011 $a2165-1442 035 $a(OCoLC)768772606 035 $a(CKB)2550000000072473 035 $a(CONSER)--2011273634 035 $a(EXLCZ)992550000000072473 100 $a20111219a20129999 --- a 101 0 $aeng 135 $aur||||||||||| 181 $ctxt$2rdacontent 182 $cc$2rdamedia 183 $acr$2rdacarrier 200 10$aCareer development and transition for exceptional individuals 210 $aThousand Oaks, CA $cSage Publications$d©2012- 300 $aRefereed/Peer-reviewed 311 $a2165-1434 606 $aExceptional children$xVocational education$zUnited States$vPeriodicals 606 $aExceptional children$xVocational education$2fast$3(OCoLC)fst00917631 606 $aInfants inadaptats$vRevistes$2lemac 606 $aEducació especial$vRevistes$2lemac 607 $aUnited States$2fast 608 $aPeriodicals.$2fast 608 $aPeriodicals.$2lcgft 615 0$aExceptional children$xVocational education 615 7$aExceptional children$xVocational education. 615 7$aInfants inadaptats 615 7$aEducació especial 676 $a370 712 02$aHammill Institute on Disabilities, 712 02$aCouncil for Exceptional Children.$bDivision on Career Development and Transition, 906 $aJOURNAL 912 $a9910446851503321 996 $aCareer development and transition for exceptional individuals$92004866 997 $aUNINA